000 01795nam a22004217a 4500
999 _c78292
_d78292
005 20181110152937.0
010 _aENG-108262 B-712815
020 _a9780198081753
_c995.00
020 _a9780198081753
_c1045.00 (A.V)
020 _a0198081758
_c995.00
035 _aEN-91795
035 _aB-534965-967
035 _aB-664571
035 _aB-712815
037 _bDBAD/PUB
037 _bBSB/Ven
_adpl
037 _bRK Books
082 _a355.033054
245 1 0 _aIndia's national security:
_cedited by Kanti P. Bajpai [and] Harsh V. Pant
_ba reader /
260 _aNew Delhi
_bOxford University Press
_c2013
270 _aYMCA Libraray Building, 1 Jai Singh Road
_bNew Delhi
_e110001
270 _a2/11 Ground Floor, Ansari Road, Daryaganj
_bNew Delhi
_e110002
300 _ax,486p.
_c23cm(Hb)
_biil.,maps
490 _aCritical issues in Indian politics
500 _aContributed articles; most previously published.
500 _aincludes index
505 _a Insurgency, terrorism, and state responses -- Nuclear history -- Nuclear weapons and strategic stability -- Defence reforms.
650 _a National security
_z India.
650 _a Insurgency
_zIndia.
650 _aNuclear warfare
_zIndia
_xHistory.
650 _a Nuclear weapons
_zIndia.
700 _aBajpai, Kanti P.
_d1955-
700 _aPant, Harsh V.
942 _2ddc
_cEN
_mIND
_h355.033054